exam geo - Statistiken

Allgemein
  • Dieses Quiz wurde 10 mal gespielt
  • Das Durchschnittsergebnis liegt bei 16 aus 36
Antwortstatistiken
Hint Antwort % Korrekt
Israël Jérusalem
80%
Gabon Libreville
80%
Nigeria Abuja
60%
Irak Bagdad
60%
Argentine Buenos Aires
60%
Venezuela Caracas
60%
Ukraine Kiev
60%
Chine Pékin
60%
Iran Téhéran
60%
Japon Tokyo
60%
Ethiopie Addis-Abeba
40%
Algérie Alger
40%
Madagascar Antananarivo
40%
Erythrée Asmara
40%
Brésil Brasilia
40%
Congo Brazzaville
40%
Djibouti Djibouti
40%
Soudan du sud Djouba
40%
Soudan Khartoum
40%
RDC Kinshasa
40%
Koweit Koweït
40%
Egypte Le Caire
40%
Mexique Mexico
40%
Somalie Mogadiscio
40%
Libéria Monrovia
40%
Kenya Nairobi
40%
Inde New delhi
40%
Arabie saoudie Riyad
40%
Corée du sud Séoul
40%
Libye Tripoli
40%
Laos Vientiane
40%
Etats Unis Washington DC
40%
EAU Abou Dabi
20%
Indonésie Jakarta
20%
Russie Moscou
20%
Cameroun Yaoundé
0%
Keine übereinstimmenden Quizze gefunden
Verteilung der Resultate
Anzahl Personen mit jedem Resultat
Perzentil nach korrekt beantworteten Fragen
Ihre Resultats-Entwicklung
Sie haben dieses Quiz noch nicht gespielt